| 000 | 00550atm a2200241 4500 | ||
|---|---|---|---|
| 005 | 20240502152330.0 | ||
| 008 | 150728b2004 xxu||||| |||| 00| 0 spa d | ||
| 020 | _a789583015335 | ||
| 041 | _aESP | ||
| 082 | _a500.078 H611a | ||
| 100 |
_aHewitt, Sally _939158 |
||
| 245 | _aAire | ||
| 260 | _aColombia | ||
| 260 | _bPanamericana Editorial | ||
| 260 | _c2004 | ||
| 300 | _a48 páginas | ||
| 440 | _aProyectos fascinantes | ||
| 650 | _aEXPERIMENTOS | ||
| 650 | _aAIRE | ||
| 650 | _aATMÓSFERA | ||
| 650 | _aCIENCIAS | ||
| 942 |
_cBK _2ddc |
||
| 999 |
_c6781 _d6781 |
||